NCAA Basketball Teams Starting with I - Statistics

General Stats
  • This quiz has been taken 42 times
  • The average score is 9 of 11
Answer Stats
Conference Team % Correct
Big Ten Illinois
100%
Big Ten Indiana
100%
Big Ten Iowa
100%
Big 12 Iowa State
100%
Missouri Valley Indiana State
97%
Missouri Valley Illinois State
94%
Big Sky Idaho
88%
Big Sky Idaho State
88%
Horizon League IU Indianapolis
72%
Metro Atlantic Iona
59%
Southland Incarnate Word
50%
No matching quizzes found
Score Distribution
Percent of People with Each Score
Percentile by Number Answered
Your Score History
You have not taken this quiz